| 000 | 00440nam a2200169 4500 | ||
|---|---|---|---|
| 003 | DO-SdBNP | ||
| 005 | 20161117095624.0 | ||
| 008 | 161117b2000 sp||||| |||| 00| 0 spa d | ||
| 020 | _a8420712515 | ||
| 040 |
_aBPMSU _bspa _cBPMSU |
||
| 100 | _aVilarrubias, Pia | ||
| 245 |
_aLina tambiƩn juega / _cPia Vilarrubias |
||
| 260 |
_aMadrid : _bAnaya , _c2000 |
||
| 300 |
_a32 p. : _bil. : _c22 cm |
||
| 942 |
_2ddc _cBK |
||
| 956 | _adgarcia | ||
| 999 |
_c11977 _d11977 |
||